Najpopularniejsze dania w Polsce - Statystyki

Ogólne statystyki
  • Ten quiz został rozwiązany 231 razy
  • Średni wynik to 7 z 10
Statystyki odpowiedzi
Lp. Podpowiedź Danie % Poprawnych
5. Mięso owinięte w kapuste Gołąbki
94%
1. Mają różne wersje, można je smażyć lub gotować Pierogi
87%
2. Danie z kapusty i różnych rodzajów mięsa Bigos
86%
8. Najpopularniejsza na grillu Kiełbasa z Grilla
82%
3. Często podawany z chlebem na Wielkanoc Żurek
81%
4. To danie które uważane jest za niedzielne Schabowy z ziemniakami i mizerią
78%
6. "Czerwona Zupa" Barszcz Czerwony
76%
10. Deser na bazie twarogu Sernik
67%
7. Z ziemniaków i można je jeść na słodko lub słono Placki Ziemniaczane
50%
9. Popularny na Wigilii często podawany z cebulką Śledź w oleju
45%
Nie znaleziono quizów pasujących do podanych kryteriów
Rozkład punktacji
Procent ludzi z każdym wynikiem
Percentyl według liczby udzielonych odpowiedzi
Twoja historia wyników
Nie rozwiązałeś tego quizu